Ιστορία της παιδαγωγικής
Αποθηκεύτηκε σε:
| Κύριος συγγραφέας: | |
|---|---|
| Άλλοι συγγραφείς: | |
| Μορφή: | Βιβλίο |
| Γλώσσα: | Greek |
| Δημοσίευση: |
Αθήναι :
[χ.ό.],
1964
|
| Θέματα: | |
| Ετικέτες: |
Προσθήκη ετικέτας
Δεν υπάρχουν, Καταχωρήστε ετικέτα πρώτοι!
|
MARC
| LEADER | 00000cam a2200000 i 4500 | ||
|---|---|---|---|
| 001 | 1/99617 | ||
| 008 | 081216s1964 gr | ||| |||| ||gre|| | ||
| 035 | |l 10102534 | ||
| 040 | |a GR-MY-UA |b gre |e aacr | ||
| 041 | 0 | |a gre | |
| 082 | 0 | |a 370.1 |2 (22) | |
| 100 | 1 | |a Τσιρίμπας, Αντώνιος Α., |d 1903- . | |
| 245 | 1 | 0 | |a Ιστορία της παιδαγωγικής / |c Αντωνίου Ανδρ. Τσιρίμπα - Ευρ. Κωνσταντόπουλου |
| 260 | |a Αθήναι : |b [χ.ό.], |c 1964 | ||
| 300 | |a 158 σ.; |c 25 εκ. | ||
| 500 | |a "Νέα έκδοσις" | ||
| 650 | 0 | 0 | |a Education |x Philosophy |x History. |
| 650 | 0 | 0 | |a Education |x Aims and objectives. |
| 700 | 1 | |a Κωνσταντόπουλος, Ε. | |
| 852 | |a INST |b RHODES |c AKA |e 20081216 |h 370.1 ΤΣΙ |p 005400031512 |q 005400031512 |t BK |y 0 | ||
| 901 | |a BIBL4-2008-3 | ||
| 909 | |a Ρ |b 156574 | ||
| 970 | |a ΚΟΖΑ |b ΜΑΡΙΑ |z 2008/12/16 | ||